Państwa Należące do ZSRR - Statystyki

Ogólne statystyki
  • Ten quiz został rozwiązany 70 razy
  • Średni wynik to 13 z 15
Statystyki odpowiedzi
Kontynent Kraj % Poprawnych
Europa Ukraina
100%
Europa Estonia
96%
Azja Kazachstan
96%
Europa Litwa
96%
Europa Łotwa
96%
Europa Białoruś
95%
Europa Mołdawia
86%
Azja Uzbekistan
84%
Europa Gruzja
81%
Azja Kirgistan
81%
Europa Armenia
79%
Azja Tadżykistan
77%
Europa Azerbejdżan
75%
Azja Turkmenistan
75%
Azja Rosja
72%
Nie znaleziono quizów pasujących do podanych kryteriów
Rozkład punktacji
Procent ludzi z każdym wynikiem
Percentyl według liczby udzielonych odpowiedzi
Twoja historia wyników
Nie rozwiązałeś tego quizu